Länder nach militärischer Stärke - Statistiken

Allgemein
  • Dieses Quiz wurde 595 mal gespielt
  • Das Durchschnittsergebnis liegt bei 14 aus 15
Antwortstatistiken
Tipp: Antwort: % Korrekt
Amerika Vereinigte Staaten
100%
Europa Frankreich
99%
Asien China
98%
Europa Deutschland
98%
Europa Russland
98%
Asien Indien
96%
Europa Vereinigtes königreich
96%
Asien Japan
92%
Amerika Brasilien
89%
Europa Italien
88%
Asien Südkorea
87%
Asien Pakistan
82%
Afrika Ägypten
81%
Asien Iran
80%
Asien Türkei
76%
Keine übereinstimmenden Quizze gefunden
Verteilung der Resultate
Anzahl Personen mit jedem Resultat
Perzentil nach korrekt beantworteten Fragen
Ihre Resultats-Entwicklung
Sie haben dieses Quiz noch nicht gespielt